MARC

LEADER 00000nas a2200000 a 4500
001 ssj0015791
003 WaSeSS
005 20200512172242.0
006 m d
007 cr n
008 750923d19702006sz mx p s o 0 a0eng
010 |a  75640051  
016 7 |a 0247551  |2 DNLM 
016 7 |a B17880000  |2 DNLM 
016 7 |a 009562043  |2 Uk 
022 |a 1421-9727  |l 0006-3126  |y 0006-3126 
030 |a BNEOBV 
035 |a (WaSeSS)ssj0015791 
037 |b P.O. Box 352, White Plains, N.Y. 
040 |a DLC  |b eng  |c DLC  |d NSD  |d DLC  |d SER  |d RCS  |d AIP  |d AGL  |d AIP  |d OCL  |d NST  |d EBZ  |d DLC  |d HUL  |d OCL  |d SYS  |d NLM  |d OCLCQ  |d MUQ  |d NLGGC  |d DLC  |d EEM  |d OCLCQ  |d UKMGB  |d M6U  |d OCLCF  |d OCLCQ  |d OCLCO  |d OCLCA  |d CASUM  |d CAI  |d DLC  |d OCLCA  |d L2U  |d FUG  |d WaSeSS 
041 0 |a eng  |a fre  |a ger 
042 |a nsdp  |a pcc 
050 1 0 |a RJ251  |b .B5 
060 0 0 |a W1  |b BI852P 
082 0 4 |a 612.6/52/05 
210 0 |a Biol. neonate 
222 0 |a Biology of the neonate 
245 0 0 |a Biology of the neonate  |h [electronic resource]. 
260 |a Basel ;  |a New York :  |b S. Karger,  |c 1970-2006. 
310 |a 8 no. a year,  |b 2000-2006 
321 |a 12 no. a year,  |b 1970-1999 
362 0 |a Vol. 15, no. 1/2 (1970)-v. 90, no. 4 (Dec. 2006). 
506 |a License restrictions may limit access. 
515 |a Some no. combined. 
525 |a Has occasional supplements. 
546 |a English, French, and German. 
650 0 |a Newborn infants  |v Periodicals. 
650 0 |a Neonatology  |v Periodicals. 
650 0 |a Fetus  |v Periodicals. 
650 2 |a Fetus. 
650 2 |a Infant, Newborn. 
650 6 |a Nouveau-nés  |x Périodiques. 
650 7 |a 42.23 embryology and developmental biology.  |0 (NL-LeOCL)077603117  |2 bcl 
650 7 |a 44.36 embryology (medicine)  |0 (NL-LeOCL)077596439  |2 bcl 
650 7 |a Fetus.  |2 fast  |0 (OCoLC)fst00923427 
650 7 |a Neonatology.  |2 fast  |0 (OCoLC)fst01432070 
650 7 |a Newborn infants.  |2 fast  |0 (OCoLC)fst01430819 
650 1 7 |a Perinatal medicine.  |0 (NL-LeOCL)078625963  |2 gtt 
650 1 7 |a Neonates.  |0 (NL-LeOCL)078601991  |2 gtt 
653 |a Titles of journals. 
655 0 |a Electronic journals. 
780 0 0 |t Biologia neonatorum  |x 0523-6525  |w (DLC) 65002832  |w (OCoLC)2258357 
780 0 5 |t Developmental pharmacology and therapeutics  |g 1994-  |x 0379-8305  |w (DLC)sc 83008168  |w (OCoLC)6261418 
785 0 0 |t Neonatology  |x 1661-7800  |w (DLC) 2007227519  |w (OCoLC)76838237 
850 |a CaOWA  |a IaAS  |a MBCo  |a NjR 
853 2 0 |8 1  |a v.  |b no.  |u 6  |v r  |i (year)  |w 12 
853 2 0 |8 2  |a v.  |b no.  |u 8  |v r  |i (year)  |w 8 
856 4 0 |z Full text available from Research Library: 01/01/1998 to 11/30/2006  |u https://search.proquest.com/publication/38719 
863 4 0 |8 1.1  |a 15-76  |b 1/2-6  |i 1970-1999  |w n 
863 4 0 |8 2.1  |a 77-90  |b 1-4  |i 2000-2006